| 000 | 00386nam a2200145Ia 4500 | ||
|---|---|---|---|
| 008 | 230719s9999 xx 000 0 und d | ||
| 041 | _aeng | ||
| 082 |
_a621.815 _bKHU |
||
| 100 |
_aKhurmi R.S. _9141538 |
||
| 245 | _aText Book of Machine Design | ||
| 260 | _bEurasia Publishing House Pvt. Ltd. | ||
| 300 | _a942 | ||
| 365 |
_cRs. _b42.00 |
||
| 700 |
_aKhurmi R.S. & Gupta J.K. _9184777 |
||
| 999 |
_c354067 _d354067 |
||